000 00486nam a2200193Ia 4500
005 20240823053201.0
008 240823s9999||||xx |||||||||||||| ||und||
020 _a978-93259-82741-9
041 _aENGLISH
082 _A620.106 Q5
100 _aMandal D K et al.
245 0 _aFluid Mechanics and Hydraulic Machines
250 _a1st
260 _c2015
_bVikas Publishing
500 _aTRANSFERED
650 _aHydraulic Machines
_bMechanical
942 _cBK
999 _c223592
_d223592